F1 Circuits 2026 - Statistics

General Stats
  • This quiz has been taken 101 times
  • The average score is 13 of 24
Answer Stats
Round Answer % Correct
Round 15 Autodromo Nazionale Monza
74%
Round 12 Circuit de Spa-Francorchamps
72%
Round 3 Suzuka Circuit
72%
Round 4 Bahrain International Circuit
68%
Round 1 Albert Park Grand Prix Circuit
65%
Round 6 Miami International Autodrome
63%
Round 5 Jeddah Corniche Circuit
60%
Round 2 Shanghai International Circuit
60%
Round 17 Baku City Circuit
59%
Round 11 Silverstone Circuit
59%
Round 24 Yas Marina Circuit
58%
Round 22 Las Vegas Strip Circuit
57%
Round 10 Red Bull Ring
56%
Round 8 Circuit de Monaco
52%
Round 14 Circuit Zandvoort
51%
Round 13 Hungaroring
51%
Round 19 Circuit of The Americas
49%
Round 18 Marina Bay Street Circuit
46%
Round 23 Lusail International Circuit
41%
Round 20 Autódromo Hermanos Rodríguez
37%
Round 7 Circuit Gilles-Villeneuve
37%
Round 9 Circuit de Barcelona-Catalunya
35%
Round 16 Madring
35%
Round 21 Autódromo José Carlos Pace
21%
No matching quizzes found
Score Distribution
Percent of People with Each Score
Percentile by Number Answered
Your Score History
You have not taken this quiz